Cities that hosted the Eurovision song contest with a map - Statistics

General Stats
  • This quiz has been taken 809 times
    160 since last reset
  • The average score is 38 of 46
Answers on the Map
Answers color-coded by a green-red scale on the quiz's map according to % correct below.
 
Answer Stats
Years it hosted City % Correct
1996, 2010 Oslo
98%
1960, 1963, 1968, 1977 London
97%
1978 Paris
97%
1991 Rome
97%
1969 Madrid
96%
1992, 2013, 2024 Malmö
96%
1975, 2000, 2016 Stockholm
96%
1970 Amsterdam
95%
1971, 1981, 1988, 1994, 1995, 1997 Dublin
95%
2018 Lisbon
95%
2009 Moscow
95%
2006 Athens
94%
1967, 2015, will host 2026 Vienna
94%
2007 Helsinki
93%
2005, 2017 Kiev
93%
1983 Munich
91%
1987 Brussels
90%
2023 Liverpool
90%
2003 Riga
90%
1964, 2001, 2014 Copenhagen
89%
2004 Istanbul
89%
Was supposed to host 2020 but it was cancelled, hosted 2021 Rotterdam
89%
1962, 1966, 1973, 1984 Luxembourg city
88%
2019 Tel Aviv
86%
2022 Turin
86%
2025 Basel
84%
1979, 1999 Jerusalem
84%
1965 Naples
84%
2002 Tallinn
84%
1990 Zagreb
84%
2008 Belgrade
82%
1957 Frankfurt
82%
1972 Edinburgh
80%
1976, 1980 The Hague
80%
2012 Baku
79%
1986 Bergen
76%
1998 Birmingham
76%
1985 Gothenburg
74%
2011 Düsseldorf
72%
1989 Lausanne
61%
1956 Lugano
59%
1959, 1961 Cannes
57%
1974 Brighton
56%
1982 Harrogate
39%
1993 Millstreet
38%
1958 Hilversum
36%
No matching quizzes found
Score Distribution
Percent of People with Each Score
Percentile by Number Answered
Your Score History
You have not taken this quiz since the last reset